Normal view
MARC view
- Noguez Ramírez, Antonio
Entry Nombre Personal
001 - NUMERO DE CONTROL
- campo de control: 34709
003 - IDENTIFICADOR DE NUMERO DE CONTROL
- campo de control: UPN
005 - FECHA Y HORA DE LA ÜLTIMA TRANSACCIÓN
- campo de control: 20210219194456.0
008 - DATOS DE LONGITUD FIJA
- campo de control de longitud fija: nabaccnnaabn|||||||||| b |nc|||||d
035 ## - NUMERO DE CONTROL
- Número de control: UPN11000006816
040 ## - FUENTE DE CATALOGACIÓN
- Lenguaje de catalogación: SPA
- Agencia de transcripción: UPN
100 1# - ENCABEZAMIENTO - NOMBRE PERSONAL
- Nombre personal: Noguez Ramírez, Antonio
670 ## - FUENTE EN LA QUE SE LOCALIZARON DATOS
- Cita de la fuente: T
- Información localizada: Los medios y recursos didácticos en la educación básica
680 ## - NOTA PUBLICA DE ACCESO PÚBLICO
- Frase explicativa de la referencia: Posee la Maestría en planeación educativa por la UPN (México) y el doctorado en educación por la Universidad La Salle
902 ## - CATALOGADOR
- Catalogador: MCM/290114
